[Event "Bengaluru Karnataka op"]
[Site "Bengaluru"]
[Date "2018.04.17"]
[Round "7"]
[White "Augustin, A."]
[Black "Shashank Bhat, GS."]
[Result "1-0"]
[WhiteElo "2065"]
[BlackElo "1698"]
[PlyCount "61"]
[EventDate "2018.04.14"]
[EventType "swiss"]
[EventRounds "10"]
[EventCountry "IND"]
[SourceTitle "CBM 184 Extra"]
[Source "ChessBase"]
[SourceDate "2018.06.28"]
[SourceVersion "1"]
[SourceVersionDate "2018.06.28"]
[SourceQuality "1"]

1. e4 c5 2. Nc3 Nc6 3. f4 g6 4. Nf3 Bg7 5. Bc4 e6 6. 0-0 Nge7 7. d3 d6 8. Qe1 Nd4 9. Nxd4 cxd4 10. Ne2 d5 11. Bb5+ Bd7 12. Bxd7+ Qxd7 13. e5 Nc6 14. b4 Bf8 15. a3 b5 16. Bb2 a5 17. Nxd4 axb4 18. axb4 Rc8 19. Nxc6 Qxc6 20. Bd4 Be7 21. c3 0-0 22. Ra7 Rc7 23. Qa1 f6 24. Qa6 Qxa6 25. Rxa6 Kf7 26. Rfa1 Rfc8 27. Ra7 fxe5 28. Bxe5 Rxc3 29. Bxc3 Rxc3 30. Rb7 Kf6 31. Raa7 1-0